Statistics for Letter B Quiz

Click here to take the quiz!

General Stats

  • This quiz has been taken 74 times
    (38 since last reset)
  • The average score is 18 of 22

Answer Stats

Answer% Correct
Bear
100%
Beer
100%
Bin
100%
Bomb
100%
Banana
96%
Bathroom
96%
Black
96%
Back
91%
Badminton
91%
Basketball
91%
Beach
91%
Bread
91%
Bathtub
87%
Bunny
87%
Bag
83%
Bar
83%
Backpack
78%
Baker
74%
Bangladesh
74%
Bill Clinton
70%
Brothers
26%
Beggar
17%

Score Distribution

Percentile by Number Answered

Percent of People with Each Score

Your Score History

You have not taken this quiz since the last reset